Alle Haltestellen der Stadtbuslinien in Erlangen - Statistiken

Allgemein
  • Dieses Quiz wurde 22 mal gespielt
  • Das Durchschnittsergebnis liegt bei 143 aus 428
Antwortstatistiken
Haltestelle Linie % Korrekt
Busbahnhof 299
100%
Arcaden
90%
Hauptbahnhof
90%
Hugenottenplatz 281 | 283 | 295
80%
Martin-Luther-Platz
80%
Altstadtmarkt
70%
Langemarckplatz
70%
Neuer Markt / Rathaus
70%
Zollhaus
70%
Krankenhausstraße
60%
Lorlebergplatz
60%
Ohmplatz
60%
Stubenlohstraße
60%
Werner-von-Siemens-Straße
60%
Werner-von Siemens-Straße
60%
Berufsschulzentrum
50%
Eskilstunastraße
50%
Gebbertstraße
50%
Hindenburgstraße
50%
Marie-Therese-Gymnasium
50%
Markuskirche
50%
Obere Karlstraße
50%
Allee am Röthelheimpark
40%
Am Anger
40%
Äußere Brucker / Paul-Gossen-Straße
40%
Buckenhof
40%
Dechsendorfer Weiher
40%
Hartmannstraße
40%
Marie-Curie-Straße
40%
Max-Planck-Straße 285
40%
Paul-Gossen-Straße
40%
Röthelheimbad
40%
Saidelsteig
40%
Skulpturenpark
40%
Technische Fakultät / Wohnheim
40%
Unikliniken / Maximiliansplatz
40%
Wetterkreuz
40%
Albert-Schweizer-Gymnasium
30%
Am Hafen
30%
Am Herzogenauracher Damm
30%
Am Kreuzstein
30%
Am Wegfeld 290
30%
Bachfeldstraße
30%
Bayernstraße
30%
Bruck Bahnhof 284
30%
Bruck Kirche
30%
Bruck Süd
30%
Buckenhofer Weg
30%
Busbahnhof Buckenhof / Spardorf
30%
Doris-Ruppenstein-Straße
30%
Eggenreuther Weg
30%
Egidienkirche
30%
Eichendorffschule
30%
Erlangen Süd
30%
Essenbacher Brücke
30%
Felix-Klein-Straße
30%
Fürstenweg
30%
Gleiwitzer Straße
30%
Großgründlach Nord
30%
Hauptfeuerwache
30%
Henri-Dunant-Straße
30%
In der Reuth
30%
Kanalstraße
30%
Langfeldstraße
30%
Lilienthalstraße
30%
Lindnerstraße 280 | 286 | 293 | 298
30%
Quellweg
30%
Roncallistift
30%
Röntgenstraße
30%
Rotes Kreuz
30%
Schallershof
30%
Schallershofer Straße
30%
Schellingstraße / MVC
30%
Schlachthof
30%
Schorlachstraße
30%
Schronfeld
30%
Sebaldussiedlung
30%
Tennenlohe Kirche
30%
Vogelherd
30%
Volckamerstraße 294
30%
Waldkrankenhaus
30%
Weidenweg
30%
Zentralfriedhof
30%
Am Pestalozziring
20%
Atzelsberger Steige
20%
Boxdorf
20%
Büchenbach Schule
20%
Buch Nord
20%
Eltersdorf Bahnhof
20%
Essenbacher Straße
20%
Feuerwehrhaus
20%
Forschungszentrum
20%
Fridericianum
20%
Gerätewerk
20%
Großgründlach Mitte
20%
Haagstraße
20%
Im Heuschlag
20%
Industriepark Frauenaurach
20%
Kosbacher Weg
20%
Kunigundenkirche
20%
Kurt-Schumacher-Straße
20%
Mönauschule
20%
Mozartstraße
20%
Neumühle
20%
Nikolaus-Fiebiger-Straße
20%
Odenwaldallee
20%
Rathsberger Straße
20%
Reutles
20%
Reutleser Straße
20%
Röthelheimbad Ost
20%
Röthelheimpark-Zentrum
20%
Schornbaumstraße
20%
Schulzentrum West
20%
Siemens Verwaltung
20%
Staudtstraße
20%
Steigerwaldallee
20%
Stintzingstraße
20%
St. Johann
20%
Tulpenweg
20%
Veit-Stoß-Straße
20%
Wehneltstraße
20%
Weinstraße
20%
Adalbert-Stifter-Straße
10%
Am Steig
10%
Am Wolfsmantel
10%
An der Kapelle
10%
Anton-Bruckner-Straße
10%
Aschaffenburger Straße
10%
Aurachbrücke
10%
Berliner Platz
10%
Boxbergweg
10%
Brahmsstraße
10%
Brückenstraße
10%
Brückleinsgasse
10%
Bruckweiherstraße
10%
Büchenbach Markt
10%
Budapester Straße
10%
Diakonisches Zentrum
10%
Joseph-Will-Straße
10%
Dreibergstraße
10%
Elly-Heuss-Straße
10%
Erich-Ollenhauer-Straße
10%
Frankenwaldallee
10%
Frauenaurach Bahnhof
10%
Frauenaurach Schule
10%
Frauenweiherstraße
10%
Gaisbühlstraße
10%
Gedelerstraße
10%
Geisberg Ost
10%
Görlitzer Straße
10%
Gostenhofer Straße
10%
Graf-Zeppelin-Straße
10%
Großauweiher
10%
Hansengarten
10%
Haselhofstraße
10%
Haundorfer Straße
10%
Heiligenlohstraße
10%
Heinrich-Kirchner-Schule
10%
Heinrich-Kirchner-Straße
10%
Heusteg
10%
Joseph-Will-Straße
10%
Karauschenweg
10%
Klinikum am Europakanal 289
10%
Koldestraße
10%
Kraepelinstraße
10%
Lessingstraße
10%
Loheweg
10%
Marburger Straße
10%
Möhrendorfer Straße
10%
Naturbadstraße
10%
Neuenweiherstraße
10%
Neuweiher
10%
Palmstraße
10%
Pommernstraße
10%
Regnitzweg
10%
Röhrichtweg
10%
Schenkstraße
10%
Schmalau
10%
Schwabachanlage
10%
Siemens-Stadion
10%
Sonnenblick
10%
Sportplatz
10%
Steinacher Straße
10%
Stettiner Straße
10%
St. Michael
10%
Straßberg
10%
Theodor-Heuss-Anlage
10%
Thomaskirche
10%
Tucherstraße
10%
Weisendorfer Straße
10%
Westfriedhof 287
10%
Wirtschaftsschule
10%
Würzburger Ring
10%
Zambellistraße
10%
Zum Hutacker
10%
Büchenbacher Anlage
0%
Karauschweg
0%
Wallenrodstraße
0%
Wertheimer Straße
0%
Keine übereinstimmenden Quizze gefunden
Verteilung der Resultate
Anzahl Personen mit jedem Resultat
Perzentil nach korrekt beantworteten Fragen
Ihre Resultats-Entwicklung
Sie haben dieses Quiz noch nicht gespielt